000 00532cam a2200193ua 4500
001 2737
005 20260515113550.0
008 110907n ii |||gr||||Z||||||asm
040 _cMAIN
082 _a891.4512
100 1 _aSaikia, Ajit,
_eEditor.
245 1 1 _aChasha bacharar asomiya natak :
_bparampara aru parivartan /
_ced. by Ajit Saikia
250 _a1st.
260 _aDuliajan:
_bPathar prakashan,
_c2008.
300 _a628p:
_c23cm.
653 _aAsamese drama
653 _aChasha bacharar asomiya natak
942 _cBK
999 _c2584
_d2584